000 00837nam a22001577a 4500
003 OSt
005 20151007153517.0
008 151007b xxu||||| |||| 00| 0 eng d
040 _cRUA
082 _aAVM THO 2006 B076 Or.1
100 _92292
_aTHONG, SAIYANN.
245 _aStudy on shramp by product utilization in concetrate on growth performance of quail at animal experimental station of rua, ការសិក្សាអំពីការប្រើប្រាស់អនុផលបង្គាជាចំណីផ្សំលើការលូតលាស់របស់ក្រូច នៅស្ថានីយ៍ចិញ្ចឹមសត្វនៃសាកលវិទ្យាល័យភុមិន្ទកសិកម្ម
260 _aPhnom Penh
_bRUA
_c2006
300 _a31p.
_bill.
_c29cm.
942 _2ddc
_cAVM
999 _c2161
_d2161